000 01703cam a2200337 4500
001 2690
005 20230410103901.0
008 060907n2001 nyu eng
035 _9funglode2700
010 _a 2001020633
020 _a0805241906
020 _a9780805241907
035 _a(OCoLC)46402095
042 _apcc
050 1 4 _a416 DS 125
_bG464j 2001
082 0 0 _a909/.04924
049 _aGRAL
100 1 _aGilbert, Martin,
_d1936-
245 1 4 _aThe Jews in the twentieth century /
_cMartin Gilbert ; picture research by Sarah Jackson and Franziska Payer Crockett.
260 _aNew York :
_bSchocken Books,
_cc2001.
300 _a376 p. :
_bill. ;
_c27 cm.
500 _aIncludes index.
520 _aMaps of Europe and the Middle East, 8. -- Migration, assimilation, the promised land, 12. -- The first world war, 62. -- The crucible years, 100. -- Challenge and response, 146. -- The second world war, 196. -- Rehabilitation, statehood and renewal, 238. -- Successes, threats and dilemmas, 284. -- Towards the twenty-first century, 332
650 0 _aJews
_xHistory
_y20th century.
650 0 _aJews
_xHistory
_y20th century
_vPictorial works.
776 0 8 _iOnline version:
_aGilbert, Martin, 1936-
_tJews in the twentieth century.
_b1st ed.
_dNew York : Schocken Books, c2001
_w(OCoLC)607572719
776 0 8 _iOnline version:
_aGilbert, Martin, 1936-
_tJews in the twentieth century.
_b1st ed.
_dNew York : Schocken Books, c2001
_w(OCoLC)608869826
856 4 2 _3Contributor biographical information
_uhttp://www.loc.gov/catdir/bios/random053/2001020633.html
856 4 2 _3Publisher description
_uhttp://www.loc.gov/catdir/description/random042/2001020633.html
942 _2lcc
_cbk
999 _c27723
_d27723